STN ISO 18436-2: 2023 (01 1480), Monitorovanie prevádzkového stavu a diagnostika strojov. Požiadavky na školenie a certifikáciu personálu Časť 2 Monitorovanie a diagnostika stavu kmitania
Táto slovenaká technická norma je slovenskou verziou medzinárodnej normy ISO 18436-2: 2014. Preklad zabezpečil Úrad pre normalizáciu, metrológiu a skúšobníctvo Slovenskej republiky. STN ISO 18436-2 má rovnaké postavenie, ako majú oficiálne verzie
| Corporate Author: | |
|---|---|
| Other Authors: | |
| Format: | Book |
| Language: | Slovak English |
| PhysicalDescription: | 40 strán tabuľky 30 cm |
| Published: |
Bratislava
Úrad pre normalizáciu, metrológiu a skúšobníctvo Slovenskej republiky
2023
|
| Subjects: |
MARC
| LEADER | 00000cam a2200000 a 4500 | ||
|---|---|---|---|
| 001 | vtls012195260 | ||
| 003 | SK-MaSNL | ||
| 005 | 20260301231705.0 | ||
| 008 | 230207s2023 xo a frnu 000 0 slo | ||
| 015 | |a SNBN2024 | ||
| 040 | |a SNK |b slo |c SNK |e AACR2 | ||
| 041 | 1 | |a slo |h eng | |
| 044 | |a xo |c SK | ||
| 046 | |a s |m 20230201 (účin.) | ||
| 072 | 7 | |a 534 |x Mechanické kmity. Akustika |2 konspekt | |
| 072 | 7 | |a 006 |x Metrológia. Štandardizácia |2 konspekt | |
| 080 | |a 534.01 |2 2011 | ||
| 080 | |a 006.7/.8 |2 2011 | ||
| 080 | |a (437.6) |2 2011 | ||
| 080 | |a (4) |2 2011 | ||
| 080 | |a 006.063 |2 2011 | ||
| 084 | |a 17.160 |2 ICS | ||
| 084 | |a 03.100.30 |2 ICS | ||
| 130 | 0 | |a STN 01 1480 (STN ISO 18436-2) |9 624166 | |
| 245 | 1 | 0 | |a STN ISO 18436-2: 2023 (01 1480), Monitorovanie prevádzkového stavu a diagnostika strojov. Požiadavky na školenie a certifikáciu personálu |n Časť 2 |p Monitorovanie a diagnostika stavu kmitania |
| 246 | 1 | 0 | |a Monitorovanie prevádzkového stavu a diagnostika strojov |
| 246 | 1 | 0 | |a Požiadavky na školenie a certifikáciu personálu. Časť 2 |
| 246 | 1 | 0 | |a Monitorovanie a diagnostika stavu kmitania |
| 246 | 3 | 0 | |a ISO 18436-2: 2014 |
| 260 | |a Bratislava |b Úrad pre normalizáciu, metrológiu a skúšobníctvo Slovenskej republiky |c 2023 | ||
| 300 | |a 40 strán |b tabuľky |c 30 cm | ||
| 500 | |a Súbežný názov v angličtine, francúzštine, nemčine | ||
| 500 | |a Spracovateľ: Žiaran & DS Mechanics, Rovinka, Stanislav Žiaran | ||
| 504 | |a Normatívne referenčné dokumentyna strane 2 ; literatúra na strane 38-39 | ||
| 520 | 8 | |a Táto slovenaká technická norma je slovenskou verziou medzinárodnej normy ISO 18436-2: 2014. Preklad zabezpečil Úrad pre normalizáciu, metrológiu a skúšobníctvo Slovenskej republiky. STN ISO 18436-2 má rovnaké postavenie, ako majú oficiálne verzie | |
| 540 | |a STN vydané na akomkoľvek nosiči sa môžu rozmnožovať a rozširovať iba so súhlasom určenej právnickej osoby |b SÚTN Bratislava |c zákon 60/2018 Z. z. | ||
| 650 | 0 | 7 | |a kmitanie |2 SNKPH |9 3700 |
| 650 | 0 | 7 | |a technické normy a štandardy |z Slovensko |2 SNKPH |9 79594 |
| 650 | 0 | 7 | |a technické normy a štandardy |z krajiny Európskej únie |2 SNKPH |9 289341 |
| 650 | 0 | 7 | |a Certification |2 SNKPHeng |9 303473 |
| 650 | 0 | 7 | |a Oscillations |2 SNKPHeng |9 291778 |
| 650 | 0 | 7 | |a certifikácia |2 SNKPH |9 4427 |
| 655 | 7 | |a normy |2 SNKPH |9 70643 | |
| 700 | 1 | |a Žiaran, Stanislav, |d 1948- |4 trl |9 219147 | |
| 710 | 1 | |a Slovensko. |b Úrad pre normalizáciu, metrológiu a skúšobníctvo |4 stn |9 158117 | |
| 710 | 2 | |a Slovenský ústav technickej normalizácie (Bratislava, Slovensko). |b Technická komisia č. 21 Akustika a mechanická kmitanie |4 stn |9 624167 | |
| 710 | 2 | |a ŽIARAN & DS MECHANICS (Rovinka, Slovensko) |9 291781 | |
| 958 | |a OP | ||
| 958 | |a NB | ||
| 999 | |c 959240 |d 961170 | ||
| 952 | |a SNK |b SNK |y PREZ |7 0 |p 17A1543140 |o snkSTN ISO 18436-2 |i snk2024/5990 |8 0 |0 0 |1 0 |4 0 |d 2024-04-16 |l 0 |r 2026-02-24 10:14:31 |w 2026-02-24 | ||


